000 00728nab a2200181 4500
001 244442
003 OSt
005 20230512135956.0
007 tu
008 200917s2020|||||||
040 _aDE-2950
_cDE-2950
245 0 0 _aGedenktafel soll entfernt werden.
_bEuropa-Universität. Geschichts-Professor Klaus Weber hält die Erinnerung am Mühlenweg 36 für unangebracht. Sie ist dem umstrittenen, letzten Rektor der alten Viadrina gewidmet /
_cSelim Pekel
264 _c2023
653 _aFrankfurt (Oder)
653 _aWünsch, Christian Ernst; Mathematiker, Physiker, Arzt, Rektor der Universität Viadrina, 1744-1828
773 0 _g34. Jahrgang (2023) Nr. 109 vom 11.05.2023, S. 16
_tMärkische Oderzeitung
942 _2z
_cA
999 _c372441
_d372441